000 00454nam a2200181Ia 4500
001 23920
005 20260414151009.0
008 260414t2024||||xx |||||||||||||| ||spa||
041 _aESP
082 _a720.9852
_bB17
100 _aBalerdi Arrarte, Jorge,
_eAUT
245 0 _aArquitectura urbana :
_bl ámbito público en Lima
260 _c2024
300 _a151 páginas :
_c24 cm.
650 _aABD
654 _aCAU
942 _cLIB
_dJUS
_fJUS
_2ddc
_n
999 _c23920
_d23920